000 00230nam a2200097Ia 4500
008 230907s9999||||xx |||||||||||||| ||und||
082 _a333.79,IMP
245 0 _aImproving energy decisions:
300 _axliii, 257p.:
942 _cBK
999 _c597521
_d597521